Landkreise und kreisfreie Städte in Sachsen - Statistiken

Allgemein
  • Dieses Quiz wurde 2.767 mal gespielt
  • Das Durchschnittsergebnis liegt bei 10 aus 13
Antworten auf der Karte
Die Antworten werden auf der Karte rot bzw. grün angezeigt, abhängig davon wie oft sie richtig erraten wurden.
 
Antwortstatistiken
Antwort % Korrekt
Dresden
99%
Leipzig
98%
Leipzig
98%
Chemnitz
92%
Erzgebirgskreis
75%
Görlitz
74%
Zwickau
73%
Bautzen
66%
Vogtlandkreis
61%
Sächsische Schweiz-Osterzgebirge
57%
Meißen
56%
Mittelsachsen
54%
Nordsachsen
53%
Keine übereinstimmenden Quizze gefunden
Verteilung der Resultate
Anzahl Personen mit jedem Resultat
Perzentil nach korrekt beantworteten Fragen
Ihre Resultats-Entwicklung
Sie haben dieses Quiz noch nicht gespielt